Nodede laylah / (Record no. 31209)
[ view plain ]
| 000 -LEADER | |
|---|---|
| fixed length control field | 00650cam a22002291 4500 |
| 001 - CONTROL NUMBER | |
| control field | he 65000936 |
| 003 - CONTROL NUMBER IDENTIFIER | |
| control field | DLC |
| 005 - DATE AND TIME OF LATEST TRANSACTION | |
| control field | 20260227111432.0 |
| 008 - FIXED-LENGTH DATA ELEMENTS--GENERAL INFORMATION | |
| fixed length control field | 840125s1965 is 000 0 heb |
| 010 ## - LIBRARY OF CONGRESS CONTROL NUMBER | |
| LC control number | he 65000936 |
| 035 ## - SYSTEM CONTROL NUMBER | |
| System control number | (OCoLC)19139288 |
| 040 ## - CATALOGING SOURCE | |
| Original cataloging agency | DLC |
| Transcribing agency | MH |
| Modifying agency | DLC |
| 042 ## - AUTHENTICATION CODE | |
| Authentication code | premarc |
| 050 00 - LIBRARY OF CONGRESS CALL NUMBER | |
| Classification number | PJ5054.H293 |
| Item number | N6 |
| 100 1# - MAIN ENTRY--PERSONAL NAME | |
| Personal name | Ḥarifaʼi, Zaharirah. |
| 245 10 - TITLE STATEMENT | |
| Title | Nodede laylah / |
| Statement of responsibility, etc. | siprah: Zaharirah Ḥarifaʼi ; katav Shelomoh Sheva... |
| 260 ## - PUBLICATION, DISTRIBUTION, ETC. | |
| Place of publication, distribution, etc. | [Merḥavyah] : |
| Name of publisher, distributor, etc. | [Sifriyat poʼalim], |
| Date of publication, distribution, etc. | [1965] |
| 300 ## - PHYSICAL DESCRIPTION | |
| Extent | 110 p. : |
| Other physical details | ill. ; |
| Dimensions | 24 cm. |
| 490 0# - SERIES STATEMENT | |
| Series statement | Neʻurim |
| 700 1# - ADDED ENTRY--PERSONAL NAME | |
| Personal name | Sheva, Shelomoh. |
| 752 ## - ADDED ENTRY--HIERARCHICAL PLACE NAME | |
| Country or larger entity | Israel |
| City | Merḥavyah |
No items available.